| 000 | 00926nam a2200229Ia 4500 | ||
|---|---|---|---|
| 999 |
_c40308 _d40308 |
||
| 001 | 6916 | ||
| 003 | GE_BSU | ||
| 005 | 20200214121746.0 | ||
| 008 | 181216s2012||||GE |||||||||||||| ||GEO|| | ||
| 020 | _a9789941923647 | ||
| 040 | _cGE_BSU | ||
| 041 | _ageo | ||
| 080 | _a821.133.1-31 რ-15 | ||
| 100 |
_aრადიგე, რემონ. _97082 |
||
| 245 |
_aგრაფი დ'ორჟელის მეჯლისი : _bრომანი / _cრემონ რადიგე ; ფრან. თარგმნ. ნატა ბალავაძემ. |
||
| 264 |
_aთბილისი : _bაგორა, _c2012. |
||
| 300 |
_a202 გვ. ; _c17 სმ. |
||
| 653 | _aგრაფი დ'ორჟელის მეჯლისი | ||
| 653 | _aრომანი | ||
| 700 |
_a ბალავაძე, ნატა _eფრანგულიდან თარგმნა _97083 |
||
| 942 |
_cBK _2udc |
||